Language Quiz

Random Language Quiz

Body Parts: English to Polish Quiz Stats

 Plays Quiz not verified by Sporcle

Also try: Ends in 'NA'
Challenge
Share
Tweet
Embed
Score 0/40 Timer 10:00
0 Plays Today
Body Parts in English Body Parts in Polish % Correct
Eye(s)Oko/Oczy
89.3%
NoseNos
89%
HeadGłowa
88.4%
HairWłosy
82.5%
Ear(s)Ucho/Uszy
80.2%
MouthUsta
76.8%
Tooth (teeth)Ząb/Zęby
76.3%
FaceTwarz
76%
Leg(s)Noga/Nogi
75.4%
Finger(s)Palec/Palce
72.6%
Toe(s)Palec/Palce
72.6%
Arm(s)/Hand(s)Ręka/Ręcy
72.3%
FootStopa
67.8%
BackPlecy
65.8%
Eye BrowBrwi
63.3%
CheeksPoliczki
62.1%
KneeKolano
61.9%
Shoulder(s)/Arm(s)Ramię/Ramiona
61.6%
NeckSzyja
60.2%
Stomach (abdomen)Brzuch
59.9%
Body Parts in English Body Parts in Polish % Correct
ThroatGardło
58.2%
ButtocksTyłek
57.3%
BreastsPiersi
56.2%
ForeheadCzoło
56.2%
ChinBroda
53.1%
Body PartsCzęści Ciała
50.3%
Hand/PalmDłoń
49.7%
Eye Lash(es)Rzęsa/Rzęsy
48.3%
LipsWargi
48%
Fingernail(s)Paznokieć/Paznokcie
48%
Toenail(s)Paznokieć/Paznokcie
48%
ElbowŁokieć
46.9%
AnkleKostka
45.5%
ChestKlatka Piersiowa
43.5%
PenisPrącie
41.5%
HipsBiodra
40.4%
TesticlesJądro
36.7%
HeelPięta
36.4%
WristNadgarstek
35.3%
VaginaPochowa
29.7%

You're not logged in!

Compare scores with friends on all Sporcle quizzes.
Join for Free
OR
Log In

You Might Also Like...

Show Comments

Extras

Top Quizzes Today


Score Distribution

Your Account Isn't Verified!

In order to create a playlist on Sporcle, you need to verify the email address you used during registration. Go to your Sporcle Settings to finish the process.

Report this User

Report this user for behavior that violates our Community Guidelines.

Details: